Jak jsme zpracovávali výsledky voleb.

Projekčná a programová príprava spracovania volieb v ČSFR v r. 1990. Technológia spracovania dát od prijímania dát, ich prenos cez okresy, kraje a centrum. Časový priebeh spracovania výsledkov. Kapacitné nároky. Organizačné zaistenie.

Saved in:
Bibliographic Details
Main Author: Sochor, L.
Format: Book Chapter
Language:Czech
Subjects:
Tags: Add Tag
No Tags, Be the first to tag this record!

MARC

LEADER 00000naa a2200000 4500
001 r003212
005 20220819175217.9
041 0 |a cze 
044 |a [CS] 
245 1 0 |a Jak jsme zpracovávali výsledky voleb.  |c L. Sochor 
520 |a Projekčná a programová príprava spracovania volieb v ČSFR v r. 1990. Technológia spracovania dát od prijímania dát, ich prenos cez okresy, kraje a centrum. Časový priebeh spracovania výsledkov. Kapacitné nároky. Organizačné zaistenie. 
610 2 0 |a voľby 
610 2 0 |a ČSFR 
610 2 0 |a 1990 
610 2 0 |a spracovanie dát 
610 2 0 |a organizácia práce 
610 2 0 |a zber dát 
100 1 |a Sochor, L.